000 002800000a22001090004500
100 1 _aRuíz, Marta
245 1 0 _aJuego de Palabras
300 _aNúmero 32 (Mayo, 2008), Página 5
500 _aLa lengua absuelta
773 0 _tArcadia / Andrés Felipe Solano, Editor
942 _cANA
999 _c62502
_d62502